000
003270000a22001450004500
020
_a
0-85110-467-3
041
0
_a
ENG
082
0
4
_a
G 234.12 Bri
100
1
_a
Bridge, Donald
245
1
0
_a
Sings and wonders today / Donald Bridge
260
_a
Leicester, USA : InterVarsity
300
_a
204 Pag
001
4181
942
_c
BK
999
_c
34793
_d
34793